000 00950nam a2200289 i 4500
001 16067
003 ES-MaACL
005 20251003063035.0
007 t|
008 000620s1998 sp ||||0| spa j
020 _a84-605-7476-8
040 _aM-BN
_bspa
_cM-BN
080 _a75 Vicente, Esteban
080 _a74 Vicente, Esteban
080 _a73 Vicente, Esteban
100 0 _aVicente, Esteban,
_d1903-2001
_9114332
245 1 0 _aDonación Esteban Vicente /
_cValeriano Bozal.
260 _aSegovia :
_bMuseo de Arte Contemporáneo Esteban Vicente,
_c1998.
300 _a281 p. :
_bprincipalmente il. ;
_c25 cm.
500 _aTexto en español e inglés.
600 0 4 _aVicente, Esteban,
_d1903-2001
_9114332
700 1 _aBozal, Valeriano,
_d1940-2023
_9242225
710 2 _aMuseo de Arte Contemporáneo Esteban Vicente.
_95837
852 _aES-MaACL
_jL-23262
_bR.128605
999 _c16067
_d16067